Euro Sport Health [Recurs electrònic]
Descripción Física:
1 disc òptic (CD-ROM) ; 12 cm
Materias:
Euro Sport Health
MARC
| LEADER | 00000nam a2200000Ia 4500 | ||
|---|---|---|---|
| 001 | 23335 | ||
| 003 | BGR | ||
| 005 | 20260324180015.0 | ||
| 008 | 160829s2011] xx 000 0 cat d | ||
| 080 | |a CD-1-212 | ||
| 245 | |a Euro Sport Health [Recurs electrònic] | ||
| 260 | |a Barcelona : |b Diputació de Barcelona. [Gerència de Serveis d'Esports, |c 2011] | ||
| 300 | |a 1 disc òptic (CD-ROM) ; |c 12 cm | ||
| 650 | |a Euro Sport Health |9 43637 | ||
| 710 | 1 | |a Barcelona (Catalunya : Província). |b Gerència de Serveis d'Esports |9 51915 | |
| 901 | |a Arxiu | ||
| 942 | |n 1 |2 udc |c MON | ||
| 952 | |0 0 |1 0 |4 0 |6 CD1212 |7 1 |9 51550 |a Arxiu |b Arxiu |d 2011-11-16 |l 0 |o CD-1-212 |p 23335 |r 2016-12-01 00:00:00 |w 2016-12-01 |y ARXIU | ||
| 999 | |c 55395 |d 55395 | ||